Statistics for WWE Champions by Year - 2014

Click here to take the quiz!

General Stats

  • This quiz has been taken 103 times
  • The average score is 22 of 27

Answer Stats

TitleDateEventWrestler% Correct
WWE World HeavyweightAugust 17SummerSlamBrock Lesnar
98%
WWE World HeavyweightApril 6WrestleMania XXXDaniel Bryan
98%
WWE World HeavyweightJune 29Money in the BankJohn Cena
98%
IntercontinentalJuly 20BattlegroundThe Miz
95%
IntercontinentalSeptember 21Night of ChampionsThe Miz
95%
WWE Tag TeamNovember 23Survivor SeriesThe Miz
95%
IntercontinentalAugust 17SummerSlamDolph Ziggler
94%
IntercontinentalSeptember 22RawDolph Ziggler
94%
IntercontinentalDecember 14TLCDolph Ziggler
94%
Diva'sSeptember 21Night of ChampionsAJ Lee
92%
Diva'sJune 30RawAJ Lee
92%
WWE Tag TeamDecember 29RawJey Uso
86%
WWE Tag TeamMarch 3RawJey Uso
86%
WWE Tag TeamMarch 3RawJimmy Uso
86%
WWE Tag TeamDecember 29RawJimmy Uso
86%
Diva'sNovember 23Survivor SeriesNikki Bella
86%
Diva'sAugust 17SummerSlamPaige
83%
Diva'sApril 7RawPaige
83%
United StatesMay 5RawSheamus
73%
WWE Tag TeamNovember 23Survivor SeriesDamien Mizdow
70%
United StatesNovember 3Raw: Backstage PassRusev
69%
IntercontinentalMay 4Extreme RulesBad News Barrett
66%
WWE Tag TeamSeptember 21Night of ChampionsGoldust
63%
IntercontinentalNovember 17RawLuke Harper
61%
WWE Tag TeamSeptember 21Night of ChampionsStardust
59%
WWE Tag TeamJanuary 26Royal Rumble (Kickoff)Billy Gunn
53%
WWE Tag TeamJanuary 26Royal Rumble (Kickoff)Road Dogg
53%

Score Distribution

Percentile by Number Answered

Percent of People with Each Score

Your Score History

You have not taken this quiz